| 000 | 00405nam a2200109Ia 4500 | ||
|---|---|---|---|
| 008 | 171204s9999 xx 000 0 und d | ||
| 245 | _aDeveloping Early Comprehension: Laying The Foundation For Reading Success | ||
| 245 | _cAndrea DeBruin-Parecki and Anne van Kleeck | ||
| 260 | _c2015 | ||
| 650 | _xPRF Ed 3: Developmental Reading | ||
| 856 | _uhttp://down.ebook777.com/003/DevEarComLayTheFouForReaSuc.pdf | ||
| 999 |
_c345873 _d345873 |
||